Emberi hazugságvizsgálók? A hazugság detektálásának képessége a személyiség és kogníció tükrében

Elmentve itt :
Bibliográfiai részletek
Szerző: Manga Annamária Eszter
További közreműködők: Csábi Eszter (Témavezető)
Dokumentumtípus: Szakdolgozat
Megjelent: 2015
Tárgyszavak:
Online Access:http://diploma.bibl.u-szeged.hu/58805
LEADER 00790nta a2200169 i 4500
001 dipl58805
005 20161212132831.0
008 161212s2015 hu om 0|| zxx d
040 |a SZTE Diploma Repozitórium  |b hun 
041 |a zxx 
100 1 |a Manga Annamária Eszter 
245 1 0 |a Emberi hazugságvizsgálók? A hazugság detektálásának képessége a személyiség és kogníció tükrében  |h [elektronikus dokumentum] /  |c Annamária Eszter Manga 
246 1 0 |a The relationship between human lie detection abilities, cognition, and personality traits  |h [elektronikus dokumentum] 
260 |c 2015 
650 4 |a Bölcsészettudományok 
700 1 |a Csábi Eszter  |e ths 
856 4 0 |u http://diploma.bibl.u-szeged.hu/id/eprint/58805/1/2016_Manga_Annam%C3%A1ria_Eszter_MAAUABB_SZE_SZ.pdf  |z Dokumentum-elérés